Sniffer Pro network optimization & troubleshooting handbook (Record no. 61702)
[ view plain ]
| 000 -LEADER | |
|---|---|
| fixed length control field | 00756nam a22002057a 4500 |
| 003 - CONTROL NUMBER IDENTIFIER | |
| control field | NUST-PNEC |
| 005 - DATE AND TIME OF LATEST TRANSACTION | |
| control field | 20170116180728.0 |
| 008 - FIXED-LENGTH DATA ELEMENTS--GENERAL INFORMATION | |
| fixed length control field | 141111b xxu||||| |||| 00| 0 eng d |
| 020 ## - INTERNATIONAL STANDARD BOOK NUMBER | |
| International Standard Book Number | 1931836574 |
| 040 ## - CATALOGING SOURCE | |
| Transcribing agency | PNEC |
| 082 ## - DEWEY DECIMAL CLASSIFICATION NUMBER | |
| Classification number | 004.62 SHI |
| 100 ## - MAIN ENTRY--PERSONAL NAME | |
| 9 (RLIN) | 957 |
| Personal name | Shimonski, Robert J. |
| 245 ## - TITLE STATEMENT | |
| Title | Sniffer Pro network optimization & troubleshooting handbook |
| Statement of responsibility, etc. | Robert J. Shimonski |
| 260 ## - PUBLICATION, DISTRIBUTION, ETC. | |
| Place of publication, distribution, etc. | Rockland, |
| Name of publisher, distributor, etc. | Mass. Syngress Pub. |
| Date of publication, distribution, etc. | c2002. |
| 300 ## - PHYSICAL DESCRIPTION | |
| Extent | xxiv, 657 p. : |
| Other physical details | ill. ; |
| Dimensions | 24 cm. |
| 500 ## - GENERAL NOTE | |
| General note | Includes Index |
| 650 ## - SUBJECT ADDED ENTRY--TOPICAL TERM | |
| General subdivision | Computer Networking |
| -- | Computer, MIS |
| 856 ## - ELECTRONIC LOCATION AND ACCESS | |
| Uniform Resource Identifier | <a href="http://www.amazon.com/Sniffer-Network-Optimization-Troubleshooting-Handbook/dp/1931836574/ref=sr_1_1?s=books&ie=UTF8&qid=1415680817&sr=1-1&keywords=1931836574">http://www.amazon.com/Sniffer-Network-Optimization-Troubleshooting-Handbook/dp/1931836574/ref=sr_1_1?s=books&ie=UTF8&qid=1415680817&sr=1-1&keywords=1931836574</a> |
| 942 ## - ADDED ENTRY ELEMENTS (KOHA) | |
| Source of classification or shelving scheme | |
| Koha item type | Book |
| Withdrawn status | Lost status | Source of classification or shelving scheme | Damaged status | Not for loan | Permanent Location | Current Location | Shelving location | Date acquired | Source of acquisition | Cost, normal purchase price | Total Checkouts | Full call number | Barcode | Date last seen | Cost, replacement price | Price effective from | Koha item type |
|---|---|---|---|---|---|---|---|---|---|---|---|---|---|---|---|---|---|
| Pakistan Navy Engineering College (PNEC) | Pakistan Navy Engineering College (PNEC) | Reference | 05/22/2003 | Royal Book Co. | 3724.00 | 004.62 SHI | PNECLIB-025962 | 11/11/2014 | 3724.00 | 05/22/2003 | Book |
